000 00751nam a22002417a 4500
999 _c16045
_d16045
003 AR-CdUCM
008 190430b ||||| |||| 00| 0 spa d
040 _aMUNICIPALIDAD PROVINCIAL DEL CUSCO
_cBIBLIOTECA MUNICIPAL DEL CUSCO
041 _heng
082 _23ed.
_a818.44 /
_bT98 / 1949
100 _aTwain, Mark
_9733
245 _aLas aventuras de Huck /
260 _aBuenos Aires :
_bLosada,
_c1949.
300 _a281 páginas ;
_c18 cm.
440 _aBiblioteca Contemporánea.
_927761
505 _aContenido: Novela.
650 _aNovelas estadounidenses
_9734
650 _aNovelas de aventuras
_9735
650 _aSiglo XIX
_9971
700 _aPereira, Carlos (traducción)
_935323
942 _2ddc
_cLIBROS
945 _aachl
_d2019-04-30